|
|
|
|
| LEADER |
00000naa0a2200000 4500 |
| 001 |
669612 |
| 005 |
20260209150816.0 |
| 035 |
|
|
|a (RuTPU)RU\TPU\network\40864
|
| 035 |
|
|
|a RU\TPU\network\40435
|
| 090 |
|
|
|a 669612
|
| 100 |
|
|
|a 20230710d2022 k y0rusy50 ca
|
| 101 |
0 |
|
|a rus
|
| 102 |
|
|
|a RU
|
| 135 |
|
|
|a drcn ---uucaa
|
| 181 |
|
0 |
|a i
|
| 182 |
|
0 |
|a b
|
| 200 |
1 |
|
|a Защитные многослойные покрытия для циркониевых сплавов от высокотемпературного окисления
|f С. Е. Ручкин, Д. В. Сиделёв
|
| 203 |
|
|
|a Текст
|c электронный
|
| 300 |
|
|
|a Заглавие с экрана
|
| 320 |
|
|
|a [Библиогр.: 4 назв.]
|
| 463 |
|
|
|t Новые материалы: Перспективные технологии получения и методы исследования
|o сборник тезисов докладов 20-й Международной школы-конференции для молодых ученых и специалистов, Москва, 14-16 Ноября 2022
|v [С. 227-228]
|d 2022
|
| 610 |
1 |
|
|a электронный ресурс
|
| 610 |
1 |
|
|a труды учёных ТПУ
|
| 700 |
|
1 |
|a Ручкин
|b С. Е.
|c физик
|c инженер-исследователь Томского политехнического университета
|f 1998-
|g Сергей Евгеньевич
|3 (RuTPU)RU\TPU\pers\46686
|9 22342
|
| 701 |
|
1 |
|a Сиделёв
|b Д. В.
|c физик
|c доцент Томского политехнического университета, кандидат технических наук
|f 1991-
|g Дмитрий Владимирович
|y Томск
|3 (RuTPU)RU\TPU\pers\34510
|9 17891
|
| 712 |
0 |
2 |
|a Национальный исследовательский Томский политехнический университет
|b Инженерная школа ядерных технологий
|b Научно-образовательный центр Б. П. Вейнберга
|3 (RuTPU)RU\TPU\col\23561
|
| 801 |
|
2 |
|a RU
|b 63413507
|c 20230710
|g RCR
|
| 850 |
|
|
|a 63413507
|
| 856 |
4 |
|
|u https://elibrary.ru/item.asp?id=50255814
|z https://elibrary.ru/item.asp?id=50255814
|
| 942 |
|
|
|c CF
|